Agricultural statistics in Israel; (Record no. 33313)

MARC details
000 -LEADER
fixed length control field 00922cam a22002651 4500
001 - CONTROL NUMBER
control field he 68001451
003 - CONTROL NUMBER IDENTIFIER
control field DLC
005 - DATE AND TIME OF LATEST TRANSACTION
control field 20260227111458.0
008 - FIXED-LENGTH DATA ELEMENTS--GENERAL INFORMATION
fixed length control field 710901s1966 is bs 00010 eng
010 ## - LIBRARY OF CONGRESS CONTROL NUMBER
LC control number he 68001451 //r872
025 ## - OVERSEAS ACQUISITION NUMBER
Overseas acquisition number PL480:Is-3943
043 ## - GEOGRAPHIC AREA CODE
Geographic area code a-is---
050 0# - LIBRARY OF CONGRESS CALL NUMBER
Classification number HD2111.P32
Item number B35
082 ## - DEWEY DECIMAL CLASSIFICATION NUMBER
Classification number 338.1/095694
100 10 - MAIN ENTRY--PERSONAL NAME
Personal name Barkay, Richard M.,
Dates associated with a name 1918,
Relator term comp.
245 10 - TITLE STATEMENT
Title Agricultural statistics in Israel;
Remainder of title methods of compilation.
Statement of responsibility, etc. Edited by Richard M. Barkay and Michael Noam.
260 0# - PUBLICATION, DISTRIBUTION, ETC.
Place of publication, distribution, etc. Jerusalem,
Name of publisher, distributor, etc. Central Bureau of Statistics,
Date of publication, distribution, etc. 1966.
300 ## - PHYSICAL DESCRIPTION
Extent 2 v. (xxiv, 634 p.)
Dimensions 28 cm.
490 1# - SERIES STATEMENT
Series statement Technical publications series, no. 21
504 ## - BIBLIOGRAPHY, ETC. NOTE
Bibliography, etc. note Bibliography: p. 627-634.
650 #0 - SUBJECT ADDED ENTRY--TOPICAL TERM
Topical term or geographic name entry element Agriculture
General subdivision Economic aspects
Geographic subdivision Israel
General subdivision Statistics.
650 #0 - SUBJECT ADDED ENTRY--TOPICAL TERM
Topical term or geographic name entry element Agriculture
Geographic subdivision Israel
General subdivision Statistics.
700 10 - ADDED ENTRY--PERSONAL NAME
Personal name Noam, Michael,
Relator term joint comp.
830 #0 - SERIES ADDED ENTRY--UNIFORM TITLE
Uniform title Sidrat pirsumim ṭekhniyim ;
Volume/sequential designation mis. 21.

No items available.

Powered by Koha